00433nam a22001577a 450000500170000001000150001702000260003203500140005803700090007208200100008110000200009124500310011126000420014227000710018430000200025520241028145303.0 aENG-142464 a9789393734235c580.00 aEN-125996 bDBAD a230.5 aChijioke Okafor aThe Sacrifices of the Lord aExceller BooksbOkafor Chijiokec2022 aG1,Dream Apartment, Degree College Road ,BelghriabKolkatae700056 a51p.c21cm(pbk)